| 000 | 00000nas 2200000za 4500 |
| 001 | 9.854184 |
| 003 | CaOODSP |
| 005 | 20221107155015 |
| 007 | cr ||||||||||| |
| 008 | 180322d19541983oncqr p oss f0###a0eng|d |
| 022 | |y0317-3135 |
| 040 | |aCaOODSP|beng |
| 041 | |aeng|afre |
| 043 | |an-cn--- |
| 086 | 1 |aCS84-001-PDF |
| 245 | 00|aVital statistics |h[electronic resource] / |cprepared in the Vital Statistics Section of the Health and Welfare Division = Statistique de l'état civil / préparé à la Section de la statistique de l'état civil de la Division de la santé et du bien-être. |
| 246 | 11|aStatistique de l'état civil |
| 260 | |a[Ottawa] : |bDominion Bureau of Statistics = Bureau fédéral de la statistique, |c1954-1984. |
| 310 | |aQuarterly,|bJan./Mar. 1973-Oct./Dec. 1983 |
| 321 | |aMonthly|bJan. 1954-Dec. 1972 |
| 362 | 0 |aJan. 1954-June 1954; v. 2, no. 1 [i.e. v. 2, no. 7] (July 1954)-v. 31, no. 4 (Oct./Dec. 1983). |
| 500 | |aDigitized edition from print [produced by Statistics Canada]. |
| 546 | |aText in English and in French. |
| 550 | |aIssued Jan. 1972-July/Sept. 1976 by Statistics Canada, Vital Statistics Section; Oct./Dec. 1976-Oct./Dec. 1983 by Statistics Canada. |
| 692 | 07|2gccst|aBirth |
| 692 | 07|2gccst|aMarriage |
| 692 | 07|2gccst|aDeath |
| 710 | 1 |aCanada. |bDominion Bureau of Statistics.|bVital Statistics Section. |
| 710 | 2 |aStatistics Canada.|bVital Statistics Section. |
| 780 | 00|tMonthly report of vital statistics |w(CaOODSP)9.854178 |
| 785 | 00|tVital statistics quarterly |w(CaOODSP)9.855291 |
| 792 | |tVital statistics |efre|w(CaOODSP)9.854185 |